000 00336nam a2200109Ia 4500
008 160531s9999 xx 000 0 und d
100 _aBrian, Ceresa.
245 _aMolecular Regulation of Endocytosis
245 _cby Brian Ceresa (ed.)
260 _c2012
856 _uhttp://www.intechopen.com/books/molecular-regulation-of-endocytosis
999 _c295159
_d295159